Normal view
MARC view
Entry Personal Name
001 - CONTROL NUMBER
- control field: 10893
003 - CONTROL NUMBER IDENTIFIER
- control field: OSt
005 - DATE AND TIME OF LATEST TRANSACTION
- control field: 20220114143241.0
008 - FIXED-LENGTH DATA ELEMENTS
- fixed length control field: 220114|| aca||aabn | a|a d
040 ## - CATALOGING SOURCE
- Original cataloging agency: OSt
- Transcribing agency: OSt
100 ## - HEADING--PERSONAL NAME
- Personal name: EFY-AUG-2007
670 ## - SOURCE DATA FOUND
- Source citation: Work cat.: (OSt): EFY-AUG-2007, E books, datasheets, fun stuff, battle for wesnoth, design s